00273 a2200109 4500000002500000020001800025100002700043245005400070260001400124264000800138999001700146 nam a22 7a 4500 a9781032600130 aElangovan, Uthayan999 aIndustry 5.0:The future of the Industrial economy bCRCc2022 bCRC c35985d35985